Firm size and the business environment: worldwide survey results (Record no. 63141)

MARC details
000 -LEADER
fixed length control field 00803nam a2200169 a 4500
008 - FIXED-LENGTH DATA ELEMENTS--GENERAL INFORMATION
fixed length control field 080402s2001 ||||||||||||||||| || u
050 ## - LIBRARY OF CONGRESS CALL NUMBER
Classification number IBRD-IFC(08)DP/43
100 ## - MAIN ENTRY--PERSONAL NAME
Personal name Schiffer, Mirjam
245 10 - TITLE STATEMENT
Title Firm size and the business environment: worldwide survey results
260 ## - PUBLICATION, DISTRIBUTION, ETC.
Place of publication, distribution, etc. Washington, D.C.
Name of publisher, distributor, etc. World Bank
Date of publication, distribution, etc. 2001
350 ## -
-- 0.00
490 ## -
-- International Finance Corporation Discussion Papers
650 #7 - SUBJECT ADDED ENTRY--TOPICAL TERM
Topical term or geographic name entry element BUSINESS ENTERPRISES
Source of heading or term fast
700 ## - ADDED ENTRY--PERSONAL NAME
Personal name Weder, Beatrice
995 ## -
-- SPECIAL COLLECTIONS
-- 0.00
-- 45846
-- CBU-MAIN LIBRARY (Kitwe)
-- 1
-- 0.00
-- IBRD-IFC(08)DP/43B
-- 2
-- AVAILABLE
-- Apr 2, 2008
-- 45846
-- International Publications
995 ## -
-- SPECIAL COLLECTIONS
-- 0.00
-- 45484
-- CBU-MAIN LIBRARY (Kitwe)
-- 1
-- 0.00
-- IBRD-IFC(08)DP/43A
-- 1
-- AVAILABLE
-- Apr 2, 2008
-- 45484
-- International Publications
999 ## -
-- 63141
-- 63141
Holdings
Withdrawn status Lost status Source of classification or shelving scheme Damaged status Not for loan Permanent Location Current Location Shelving location Date acquired Total Checkouts Full call number Barcode Date last seen Price effective from Koha item type
          CBU-MAIN LIBRARY, KITWE. CBU-MAIN LIBRARY, KITWE.   12/24/2022   IBRD-IFC(08)DP/43 45846 12/24/2022 12/24/2022 MONOGRAPH
          CBU-MAIN LIBRARY, KITWE. CBU-MAIN LIBRARY, KITWE.   12/24/2022   IBRD-IFC(08)DP/43 45484 12/24/2022 12/24/2022 MONOGRAPH